Les familles de langues Européennes - Statistiques

Statistiques générales
  • Ce quiz a été pris 99 fois
  • Le résultat moyen est 5 sur 15
Statistiques - réponses
Famille % Correct
Romanes
89%
Germaniques
86%
Slaves
80%
Grec moderne
65%
Celtes
53%
Baltes
40%
Albanais
36%
Turques
32%
Ouraliennes
22%
Sémitiques
15%
Caucasiennes
8%
Arméniens
6%
Mongoles
5%
Romani
5%
Ossétes
0%
Aucun quiz correspondant
Distribution des résultats
% des personnes avec chaque résultat
Percentile par nombre de réponses
Votre historique - résultats
Vous n’avez pas pris ce quiz